[Event "TOP 16 GpB"]
[Site "Mulhouse FRA"]
[Date "2010.04.30"]
[Round "5"]
[White "Bricard,E"]
[Black "Doncea,V"]
[Result "1/2-1/2"]
[WhiteElo "2488"]
[BlackElo "2475"]
[EventDate "2010.03.26"]

1. g3 d5 2. Bg2 e5 3. c4 d4 4. d3 g6 5. Nf3 Bg7 6. O-O Ne7 7. b4 O-O 8.
Nbd2 Nd7 9. Nb3 Nb6 10. a4 Bd7 11. b5 Nbc8 12. Nfd2 Rb8 13. Nc5 Nd6 14.
Nxd7 Qxd7 15. Ba3 Rfe8 16. Qc2 c6 17. Rfb1 h5 18. a5 h4 19. bxc6 bxc6 20.
Rxb8 Rxb8 21. Rb1 Re8 22. a6 hxg3 23. hxg3 Bh6 24. Ne4 Nxe4 25. Bxe4 Qh3
26. Bg2 Qh5 27. Bxe7 Rxe7 28. Rb7 Bf8 29. Bxc6 Qh3 30. Bd5 Qc8 31. c5 Rc7
32. c6 Bd6 33. Qb3 Kg7 34. Qb5 Rxb7 35. cxb7 Qd8 36. Bc4 Kf8 37. Qd5 Qe7
38. Kf1 Bc7 39. Qb5 Bb8 40. Qb3 Kg7 41. Ke1 Kf8 42. Bd5 Qc7 43. Kd1 Qa5 44.
Qc4 Qa1+ 45. Kc2 Qe1 46. Bf3 Ke7 47. Qc8 Qb4 48. Bd5 Qe1 49. Qxb8 Qc3+ 50.
Kb1 Qb4+ 51. Ka2 Qa4+ 52. Kb2 Qb4+ 1/2-1/2

[Event "TOP 16 GpB"]
[Site "Mulhouse FRA"]
[Date "2010.04.30"]
[Round "5"]
[White "Ravot,S"]
[Black "Sokolov,And1"]
[Result "0-1"]
[WhiteElo "2264"]
[BlackElo "2563"]
[EventDate "2010.03.26"]

1. d4 Nf6 2. Nf3 e6 3. g3 d5 4. c4 dxc4 5. Bg2 Bb4+ 6. Bd2 a5 7. Qc2 Nc6 8.
Qxc4 Qd5 9. Na3 Bxd2+ 10. Kxd2 Ne4+ 11. Ke3 Nd6 12. Qxd5 exd5 13. Rhc1 Kd8
14. Kd2 Re8 15. Ne1 Nb4 16. b3 c6 17. Nac2 Nxc2 18. Nxc2 a4 19. e3 Bf5 20.
Nb4 Kd7 21. Nd3 Bxd3 22. Kxd3 f5 23. h4 Ne4 24. Bxe4 fxe4+ 25. Ke2 axb3 26.
axb3 Kc7 27. f4 exf3+ 28. Kxf3 Rxa1 29. Rxa1 Kb6 30. Ke2 Kb5 31. Rf1 Re7
32. Rf8 Kb4 33. Rc8 Kxb3 34. Kd3 h5 35. Rh8 g6 36. Rh6 Rg7 37. Rh8 Rf7 38.
Rg8 Rf6 39. Rb8 b5 40. Rb6 Kb4 41. Ra6 Kb3 42. e4 Rf3+ 43. Ke2 dxe4 44.
Rxc6 Rxg3 45. Re6 Kc4 46. Rxe4 Rg4 0-1

[Event "TOP 16 GpB"]
[Site "Mulhouse FRA"]
[Date "2010.04.30"]
[Round "5"]
[White "Riff,JN"]
[Black "Renaze,L"]
[Result "1-0"]
[WhiteElo "2505"]
[BlackElo "2304"]
[EventDate "2010.03.26"]

1. e4 e5 2. Nf3 Nc6 3. Bb5 a6 4. Ba4 Nf6 5. O-O Be7 6. Re1 b5 7. Bb3 d6 8.
c3 O-O 9. h3 Na5 10. Bc2 d5 11. d4 Nxe4 12. dxe5 f5 13. exf6 Bxf6 14. Nbd2
Nxd2 15. Qxd2 Nc4 16. Qe2 c6 17. a4 Bd7 18. axb5 axb5 19. Rxa8 Qxa8 20. Ng5
Re8 21. Bxh7+ Kf8 22. Qf1 Rxe1 23. Qxe1 Qa1 24. h4 Nxb2 25. Bg6 Bxg5 26.
hxg5 Na4 27. Qe3 Nxc3 28. Kh2 Ne4 29. Qf4+ Ke7 30. Qf7+ Kd8 31. Bf4 1-0

[Event "TOP 16 GpB"]
[Site "Mulhouse FRA"]
[Date "2010.04.30"]
[Round "5"]
[White "Lacour,S"]
[Black "Abergel,T"]
[Result "0-1"]
[WhiteElo "2194"]
[BlackElo "2547"]
[EventDate "2010.03.26"]

1. d4 Nf6 2. c4 e6 3. Nf3 c5 4. d5 b5 5. dxe6 fxe6 6. cxb5 a6 7. Nc3 axb5
8. Nxb5 d5 9. e3 Nc6 10. Nc3 Bd6 11. Bb5 Bd7 12. e4 d4 13. Bxc6 Bxc6 14. e5
Bxf3 15. Qxf3 Bxe5 16. Qc6+ Kf7 17. Ne4 Nxe4 18. Qxe4 Qd5 19. Qg4 h5 0-1

[Event "TOP 16 GpB"]
[Site "Mulhouse FRA"]
[Date "2010.04.30"]
[Round "5"]
[White "Richard,E"]
[Black "Mehiaoui,D"]
[Result "0-1"]
[WhiteElo "2116"]
[BlackElo "1934"]
[EventDate "2010.03.26"]

1. e4 d5 2. exd5 Nf6 3. Nf3 Nxd5 4. d3 g6 5. Be2 Bg7 6. O-O O-O 7. Nbd2 Nf4
8. Nc4 Nxe2+ 9. Qxe2 Nc6 10. c3 Qd5 11. h3 e5 12. Rd1 b6 13. Ne3 Qd7 14.
Ng4 Re8 15. Bh6 Ba6 16. Bxg7 Kxg7 17. Qd2 Qe7 18. Qh6+ Kg8 19. Ng5 f5 20.
Ne3 Qg7 21. Qxg7+ Kxg7 22. Nd5 Rac8 23. b4 Nd8 24. c4 Bb7 25. Rac1 Nf7 26.
Nxf7 Kxf7 27. Nc3 a6 28. d4 exd4 29. Rxd4 Rcd8 30. Rcd1 Rxd4 31. Rxd4 Re1+
32. Kh2 Ke7 33. Kg3 g5 34. f3 Rc1 35. Rd3 Rc2 36. Kh2 h5 37. Re3+ Kf6 38.
a3 g4 39. hxg4 hxg4 40. Kg3 Kg5 41. f4+ Kg6 42. Nd5 Rxc4 43. Re6+ Kg7 44.
Re5 Bxd5 45. Rxd5 Rc3+ 46. Kh4 Kg6 47. Rd8 Rxa3 48. Rg8+ Kf6 49. Rf8+ Ke6
50. Re8+ Kf7 51. Rh8 Rc3 52. Kg5 c5 53. bxc5 Rxc5 54. Rh7+ Ke8 55. Kf6 a5
56. Ra7 Kd8 57. Ke6 Kc8 58. Kd6 Kb8 59. Re7 a4 60. Re3 Rc2 61. g3 Kb7 62.
Ra3 b5 63. Ke5 Rc5+ 64. Kd4 Kb6 65. Re3 b4 66. Re6+ Rc6 67. Re1 a3 68. Rb1
a2 69. Re1 b3 0-1

[Event "TOP 16 GpB"]
[Site "Mulhouse FRA"]
[Date "2010.05.01"]
[Round "6"]
[White "Postny,E"]
[Black "Giri,A"]
[Result "1/2-1/2"]
[WhiteElo "2641"]
[BlackElo "2624"]
[EventDate "2010.03.26"]

1. d4 Nf6 2. c4 g6 3. Nc3 d5 4. e3 Bg7 5. cxd5 Nxd5 6. Nxd5 Qxd5 7. Ne2 O-O
8. Nc3 Qd6 9. Be2 c6 10. O-O Nd7 11. Ne4 Qc7 12. b3 Rd8 13. Qc2 Nb6 14. Bb2
Bf5 15. g4 Bxe4 16. Qxe4 e6 17. Rfd1 Rd5 18. Rac1 Rad8 19. f4 h6 20. Rf1
Qe7 21. Kh1 R5d7 22. Qf3 g5 23. fxg5 Qxg5 24. Rc5 Qg6 25. Bd1 Nd5 26. Bc2
Qf6 27. Qe2 Qg5 28. Bc1 Qh4 29. Qf3 Nf6 30. Rg1 Rd5 31. b4 b6 32. Rxc6 h5
33. gxh5 Rxh5 34. Qg3 Qxg3 35. Rxg3 Nd5 36. a3 Kf8 37. Be4 Bf6 38. Rc2 Ke7
39. Rf3 Bg7 40. Rg2 Rc8 41. Bd2 Bh6 42. Rgf2 Kd6 43. Bxd5 Kxd5 44. Rxf7 Ke4
45. Rxa7 Kd3 46. Rh7 Bxe3 47. Rxh5 Bxf2 48. Bf4 Bxd4 49. Be5 Rg8 50. Rh3+
Ke4 51. Bxd4 Kxd4 1/2-1/2

[Event "TOP 16 GpB"]
[Site "Mulhouse FRA"]
[Date "2010.05.01"]
[Round "6"]
[White "Van Wely,L"]
[Black "Riazantsev,A"]
[Result "1/2-1/2"]
[WhiteElo "2639"]
[BlackElo "2660"]
[EventDate "2010.03.26"]

1. d4 Nf6 2. c4 e6 3. Nc3 Bb4 4. Qc2 d5 5. cxd5 Qxd5 6. e3 c5 7. a3 Bxc3+
8. bxc3 b6 9. Nf3 Bb7 10. Bb2 cxd4 11. cxd4 O-O 12. Rc1 Nbd7 13. Qc4 Rac8
14. Qxd5 Bxd5 15. Ba6 Rxc1+ 16. Bxc1 Nb8 17. Bd3 Rc8 18. Bb2 Be4 19. Ke2 b5
1/2-1/2

[Event "TOP 16 GpB"]
[Site "Mulhouse FRA"]
[Date "2010.05.01"]
[Round "6"]
[White "Svetushkin,D"]
[Black "Edouard,R"]
[Result "0-1"]
[WhiteElo "2554"]
[BlackElo "2617"]
[EventDate "2010.03.26"]

1. e4 c5 2. Nf3 Nc6 3. d4 cxd4 4. Nxd4 g6 5. c4 Nf6 6. Nc3 d6 7. Be2 Nxd4
8. Qxd4 Bg7 9. Bg5 O-O 10. Qd2 a5 11. O-O a4 12. f4 Qa5 13. Qe3 Be6 14. f5
Bd7 15. c5 Rae8 16. Rf2 dxc5 17. Qg3 Bc6 18. e5 Nd7 19. f6 exf6 20. exf6
Bh8 21. Rd1 c4 22. Bh6 Nxf6 23. Bxf8 Rxf8 24. Qd6 Qb6 25. Qd4 Qxd4 26. Rxd4
a3 27. Rdf4 axb2 28. Rxf6 Re8 29. Kf1 Bxf6 30. Rxf6 Re3 31. Nb1 c3 32. Rxc6
bxc6 33. Bd1 f5 34. Kf2 f4 35. a4 Kg7 36. a5 Re5 37. Kf3 Rxa5 38. Bc2 Re5
39. Be4 Rxe4 0-1

[Event "TOP 16 GpB"]
[Site "Mulhouse FRA"]
[Date "2010.05.01"]
[Round "6"]
[White "Smirin,I"]
[Black "Koch,JR"]
[Result "1/2-1/2"]
[WhiteElo "2647"]
[BlackElo "2470"]
[EventDate "2010.03.26"]

1. e4 e5 2. Nf3 Nf6 3. Nxe5 d6 4. Nf3 Nxe4 5. d4 d5 6. Bd3 Nc6 7. O-O Bg4
8. c4 Nf6 9. cxd5 Bxf3 10. Qxf3 Qxd5 11. Qxd5 Nxd5 12. Nc3 O-O-O 13. Bc4
Nce7 14. Re1 c6 15. Bd2 g6 16. Bg5 f6 17. Bh4 Nf5 18. Bxd5 Nxh4 19. Be6+
Kb8 20. Re4 g5 21. d5 f5 22. Re2 cxd5 23. Bxd5 1/2-1/2

[Event "TOP 16 GpB"]
[Site "Mulhouse FRA"]
[Date "2010.05.01"]
[Round "6"]
[White "Pucher,O"]
[Black "Sebag,M"]
[Result "0-1"]
[WhiteElo "2342"]
[BlackElo "2506"]
[EventDate "2010.03.26"]

1. d4 d5 2. c4 c6 3. Nf3 Nf6 4. Nc3 dxc4 5. a4 Bf5 6. Ne5 Nbd7 7. Nxc4 Nb6
8. Ne5 a5 9. g3 e6 10. Bg2 Bb4 11. O-O O-O 12. e3 h6 13. Qe2 Bh7 14. Rd1
Nfd7 15. Nd3 Qe7 16. e4 Rfd8 17. Bf4 Bd6 18. e5 Bc7 19. Ne4 Nd5 20. Bd2 Bb6
21. Nd6 Rdb8 22. Nc4 Bxd4 23. Bxh6 Bg6 24. Nf4 Bxf2+ 25. Qxf2 gxh6 26. Kh1
Rd8 27. h4 Qc5 28. Qe2 N7b6 29. Nd6 Qc2 30. Rd2 Nxf4 31. gxf4 Qb3 32. f5
Bxf5 33. Ra3 Qb4 34. Rg3+ Kh8 35. Qf2 Nd5 36. Rd4 Qb6 37. Nxf5 exf5 38.
Rgd3 Rdc8 0-1

[Event "TOP 16 GpB"]
[Site "Mulhouse FRA"]
[Date "2010.05.01"]
[Round "6"]
[White "Apicella,M"]
[Black "Collas,S"]
[Result "1-0"]
[WhiteElo "2523"]
[BlackElo "2313"]
[EventDate "2010.03.26"]

1. e4 c5 2. Nf3 Nc6 3. d4 cxd4 4. Nxd4 Nf6 5. Nc3 e6 6. Nxc6 bxc6 7. e5 Nd5
8. Ne4 Qb6 9. c3 Bb7 10. Be2 c5 11. O-O Ne3 12. Bxe3 Bxe4 13. Qd2 Qb7 14.
f3 Bc6 15. Rad1 Be7 16. Bd3 Rb8 17. b3 Qc7 18. f4 f5 19. exf6 gxf6 20. Qe2
f5 21. Qh5+ Kd8 22. Qf7 Rf8 23. Qg7 Qa5 24. c4 h5 25. Rd2 h4 26. Be2 h3 27.
g3 Re8 28. Rfd1 Kc7 29. Bh5 Kb6 30. Bxe8 Rxe8 31. b4 Qa3 32. Kf2 d5 33.
cxd5 exd5 34. bxc5+ Ka6 35. Qd4 Bb5 36. c6 Ra8 37. c7 1-0

[Event "TOP 16 GpB"]
[Site "Mulhouse FRA"]
[Date "2010.05.01"]
[Round "6"]
[White "Taddei,B"]
[Black "Dourerassou,J"]
[Result "1/2-1/2"]
[WhiteElo "2301"]
[BlackElo "2413"]
[EventDate "2010.03.26"]

1. e4 c5 2. Nf3 Nc6 3. d4 cxd4 4. Nxd4 Nf6 5. Nc3 e5 6. Ndb5 d6 7. Bg5 a6
8. Na3 b5 9. Bxf6 gxf6 10. Nd5 Bg7 11. c3 f5 12. exf5 Bxf5 13. Nc2 Be6 14.
g3 O-O 15. Bg2 f5 16. O-O a5 17. Qe2 Rb8 18. Rad1 Qd7 19. f4 e4 20. Nce3
Ne7 21. g4 Nxd5 22. Nxd5 Rfe8 23. gxf5 Bxf5 24. Ne3 Be6 25. f5 Bf7 26. f6
Bf8 27. Rf4 Kh8 28. Bxe4 Qh3 29. Rd3 Qh6 30. Qf2 d5 31. Nxd5 Rbd8 32. Ne7
Rxd3 33. Bxd3 Qg5+ 34. Qg3 Qc5+ 35. Qf2 Qg5+ 36. Qg3 Qc5+ 37. Kf1 Rd8 38.
Rh4 Rxd3 39. Qxd3 h6 40. Ng6+ Bxg6 41. Qxg6 Qe3 42. Rg4 Qf3+ 43. Ke1 Qe3+
44. Kd1 Qf3+ 45. Kd2 Qf2+ 46. Kd3 Qf1+ 47. Ke4 Qc4+ 48. Ke3 Qc5+ 49. Ke2
Qe5+ 50. Kf1 Qd5 51. Ke1 Qxa2 52. c4 Qa1+ 53. Ke2 Qxb2+ 54. Kf1 Qc1+ 55.
Ke2 Qb2+ 56. Kf1 Qc1+ 57. Kg2 Qd2+ 58. Kh3 Qe3+ 59. Kg2 Qe2+ 60. Kh3 Qf1+
61. Kh4 Qf2+ 62. Kh3 Qf1+ 63. Kh4 Qf2+ 64. Kh3 1/2-1/2

[Event "TOP 16 GpB"]
[Site "Mulhouse FRA"]
[Date "2010.05.01"]
[Round "6"]
[White "Cossin,S"]
[Black "Neiman,E"]
[Result "1-0"]
[WhiteElo "2497"]
[BlackElo "2339"]
[EventDate "2010.03.26"]

1. d4 d5 2. c4 c6 3. Nf3 Nf6 4. Qc2 dxc4 5. Qxc4 Bf5 6. g3 e6 7. Bg2 Be7 8.
O-O O-O 9. Nc3 Ne4 10. Ne5 Nxc3 11. bxc3 Nd7 12. e4 Nxe5 13. dxe5 Bg6 14.
Be3 Qa5 15. f4 b5 16. Qe2 Qxc3 17. g4 Bc5 18. Bxc5 Qxc5+ 19. Kh1 f6 20.
Rac1 Qa3 21. exf6 Rxf6 22. Rxc6 e5 23. Rxf6 gxf6 24. fxe5 fxe5 25. Qxb5
Qxa2 26. Qxe5 Re8 27. Qd4 Qe6 28. Qd5 Qxd5 29. exd5 Be4 30. Ra1 Bxg2+ 31.
Kxg2 h5 32. h3 hxg4 33. hxg4 Kf7 34. Rxa7+ Kf6 35. Kg3 Ke5 36. Ra1 Rg8 37.
Rd1 Kd6 38. Rd2 Ra8 39. g5 Ra1 40. Kg4 1-0

[Event "TOP 16 GpB"]
[Site "Mulhouse FRA"]
[Date "2010.05.01"]
[Round "6"]
[White "Ivanchuk,V"]
[Black "Tkachiev,V"]
[Result "1/2-1/2"]
[WhiteElo "2748"]
[BlackElo "2639"]
[EventDate "2010.03.26"]

1. d4 d5 2. Nf3 Nf6 3. c4 c6 4. Nc3 dxc4 5. a4 e6 6. e3 c5 7. Bxc4 Nc6 8.
O-O cxd4 9. exd4 Be7 10. Qe2 O-O 11. Rd1 Nb4 12. Bg5 h6 13. Bh4 Bd7 14. Ne5
Bc6 15. Bg3 Nbd5 16. a5 Rc8 17. Bb3 a6 18. Rdc1 Bb4 19. Bh4 Qd6 20. Qd1 Bb5
21. Nxb5 axb5 22. Rxc8 Rxc8 23. Qf3 Qc7 24. h3 Ra8 25. Qd1 Bd6 1/2-1/2

[Event "TOP 16 GpB"]
[Site "Mulhouse FRA"]
[Date "2010.05.01"]
[Round "6"]
[White "Kazhgaleyev,M"]
[Black "Jakovenko,D"]
[Result "1/2-1/2"]
[WhiteElo "2637"]
[BlackElo "2725"]
[EventDate "2010.03.26"]

1. d4 Nf6 2. c4 e6 3. Nf3 d5 4. Nc3 dxc4 5. e3 a6 6. a4 c5 7. Bxc4 Nc6 8.
O-O Be7 9. dxc5 Qxd1 10. Rxd1 Bxc5 11. h3 Bb4 12. Na2 Be7 13. Nc3 Bb4 14.
Na2 Be7 15. Nc3 b6 16. e4 Bb7 17. Be3 Nb4 18. Bxb6 Nxe4 19. Ne5 Nf6 20.
Rac1 O-O 21. a5 Nbd5 22. Na4 Rac8 23. Bf1 Nxb6 24. Nxb6 Rxc1 25. Rxc1 Nd5
26. Nxd5 exd5 27. Rc7 Bd6 28. Rxb7 Bxe5 29. Bxa6 Ra8 30. Rd7 f6 31. Bf1
Rxa5 32. b4 Ra2 33. Rxd5 Rb2 34. b5 Kf7 35. g3 Ke7 36. Bd3 Bc7 37. Kf1 Bb6
38. Be2 Rb1+ 39. Rd1 Rxd1+ 40. Bxd1 h6 41. h4 Kd6 42. h5 Ke5 43. Ke2 Ba7
44. f4+ Kd6 45. Kf3 Bb6 46. Ke4 Bf2 47. g4 Bb6 48. Be2 Ba7 49. Bc4 Bb6 50.
Bd3 Ba7 51. Kf5 1/2-1/2

[Event "TOP 16 GpB"]
[Site "Mulhouse FRA"]
[Date "2010.05.01"]
[Round "6"]
[White "Fressinet,L"]
[Black "Fontaine,R"]
[Result "1-0"]
[WhiteElo "2670"]
[BlackElo "2548"]
[EventDate "2010.03.26"]

1. d4 Nf6 2. c4 g6 3. Nc3 Bg7 4. e4 d6 5. Be2 O-O 6. Nf3 e5 7. Be3 Ng4 8.
Bg5 f6 9. Bh4 Nc6 10. d5 Ne7 11. Nd2 Nh6 12. f3 c5 13. Rb1 g5 14. Bf2 f5
15. b4 b6 16. bxc5 bxc5 17. O-O Ng6 18. g3 g4 19. exf5 gxf3 20. Bxf3 e4 21.
Ndxe4 Nxf5 22. Bg2 Ne5 23. Kh1 Ba6 24. Nb5 Nxc4 25. Qh5 Bxb5 26. Rxb5 Qe8
27. Qxe8 Raxe8 28. Rc1 Ne5 29. Bg1 Nd3 30. Rd1 c4 31. Rb7 Bd4 32. Rf1 Rxe4
33. Bxe4 Nxg3+ 34. Kg2 Nxe4 35. Bxd4 Rxf1 36. Kxf1 c3 37. Bxc3 Nxc3 38. Rb3
Nxa2 39. Rxd3 Nb4 40. Ra3 Nxd5 41. Rd3 Nf6 42. Rxd6 Kf7 43. Ra6 Kg6 44.
Rxa7 h6 45. Kg2 Ng4 46. Kg3 Nf6 47. Ra6 Kf5 48. Ra5+ Kg6 49. Kf3 Nh7 50.
Kf4 Ng5 51. Kg4 h5+ 52. Kf4 Nh3+ 53. Kg3 Ng5 54. Rb5 Ne6 55. Re5 Ng7 56.
Kf4 Kf6 57. Ra5 Ne6+ 58. Ke4 Ng5+ 59. Ke3 Kg6 60. h4 Ne6 61. Ke4 Nd8 62.
Ra6+ Kg7 63. Kf5 Nf7 64. Rb6 Kh7 65. Kf6 1-0

[Event "TOP 16 GpB"]
[Site "Mulhouse FRA"]
[Date "2010.05.01"]
[Round "6"]
[White "Guidarelli,L"]
[Black "Pelletier,Y"]
[Result "0-1"]
[WhiteElo "2433"]
[BlackElo "2611"]
[EventDate "2010.03.26"]

1. e4 e6 2. d4 d5 3. Nc3 dxe4 4. Nxe4 Nd7 5. Nf3 Ngf6 6. Bd3 c5 7. O-O Nxe4
8. Bxe4 Nf6 9. Bg5 cxd4 10. Nxd4 Be7 11. Bf3 O-O 12. Qd3 Qb6 13. Nb3 Qc7
14. Rfd1 Rd8 15. Bf4 e5 16. Bxe5 Qxe5 17. Qxd8+ Bxd8 18. Rxd8+ Ne8 19. Kf1
Qe7 20. Rad1 g6 0-1

[Event "TOP 16 GpB"]
[Site "Mulhouse FRA"]
[Date "2010.05.01"]
[Round "6"]
[White "Govciyan,P"]
[Black "Maze,S"]
[Result "1/2-1/2"]
[WhiteElo "2430"]
[BlackElo "2554"]
[EventDate "2010.03.26"]

1. d4 Nf6 2. c4 e6 3. g3 c5 4. d5 exd5 5. cxd5 d6 6. Nf3 g6 7. Nc3 Bg7 8.
Bg2 O-O 9. O-O a6 10. a4 Nbd7 11. h3 Rb8 12. Nd2 Ne8 13. a5 f5 14. Nc4 Ne5
15. Nb6 Nc7 16. e4 Nb5 17. f4 Nd7 18. Nxb5 axb5 19. Nxc8 Rxc8 20. exf5 gxf5
21. Qe2 c4 22. Qe6+ Kh8 23. Qxd6 Re8 1/2-1/2

[Event "TOP 16 GpB"]
[Site "Mulhouse FRA"]
[Date "2010.05.01"]
[Round "6"]
[White "Tregubov,P"]
[Black "Leconte,M"]
[Result "1-0"]
[WhiteElo "2625"]
[BlackElo "2330"]
[EventDate "2010.03.26"]

1. d4 e6 2. c4 f5 3. g3 Nf6 4. Bg2 c6 5. Nf3 d5 6. O-O Bd6 7. Ne5 b6 8. Bf4
Bb7 9. cxd5 Nxd5 10. Nc3 Nxf4 11. gxf4 O-O 12. Nb5 Be7 13. Qb3 Rf6 14. Rfd1
Rh6 15. Nc3 Bf8 16. d5 cxd5 17. Nxd5 Nc6 18. Nxc6 Bxc6 19. Nb4 Bd7 20. Rxd7
Qxd7 21. Bxa8 Qd2 22. Nd3 Qxe2 23. Re1 Qg4+ 24. Kf1 Kh8 25. Ne5 1-0

[Event "TOP 16 GpB"]
[Site "Mulhouse FRA"]
[Date "2010.05.01"]
[Round "6"]
[White "Zermiche,C"]
[Black "Skripchenko,A"]
[Result "0-1"]
[WhiteElo "2074"]
[BlackElo "2456"]
[EventDate "2010.03.26"]

1. d4 d6 2. c4 e5 3. dxe5 dxe5 4. Qxd8+ Kxd8 5. Nf3 f6 6. Nc3 c6 7. e3 Bf5
8. Bd2 Nd7 9. Nh4 Be6 10. e4 Kc7 11. O-O-O a5 12. Be2 a4 13. Kc2 Bc5 14. f4
Ne7 15. Nf3 Rhd8 16. fxe5 Nxe5 17. Nxe5 fxe5 18. Bg5 Re8 19. b3 axb3+ 20.
axb3 Bd4 21. Ra1 Rxa1 22. Rxa1 Nc8 23. Ra8 Ba7 24. Na4 b6 25. c5 Kb7 26.
Rxa7+ Nxa7 27. cxb6 Nb5 28. Be3 Bf7 29. Bc5 Rd8 30. Be3 Nd4+ 31. Bxd4 Rxd4
32. Kc3 Bg6 33. Bd3 Be8 34. b4 Bh5 35. h3 Bf7 36. g3 c5 37. Nxc5+ Kxb6 38.
Na4+ Kc7 39. Nc5 Rd6 40. Be2 Rg6 41. g4 Rh6 42. Bf1 Rf6 43. Be2 Rf2 44. Bd3
Kd6 45. Nb7+ Kc6 46. Nd8+ Kc7 47. Nxf7 Rxf7 48. Kc4 Rd7 49. Kc3 Kb6 50. h4
Rf7 51. Kc4 Rf4 52. Kd5 Rxg4 53. h5 Rg2 54. Kxe5 Rg5+ 55. Kd6 Rxh5 56. e5
Rh4 57. Bf5 Rd4+ 58. Ke7 g6 59. Bd7 Kc7 60. Be8 Rxb4 61. e6 g5 62. Bh5 Rf4
63. Bf7 g4 64. Kf8 Kd6 65. e7 Re4 0-1

[Event "TOP 16 GpB"]
[Site "Mulhouse FRA"]
[Date "2010.05.01"]
[Round "6"]
[White "Sokolov,And1"]
[Black "Vaisser,A"]
[Result "1/2-1/2"]
[WhiteElo "2563"]
[BlackElo "2511"]
[EventDate "2010.03.26"]

1. e4 e6 2. d4 d5 3. Nd2 c5 4. exd5 Qxd5 5. Ngf3 cxd4 6. Bc4 Qd6 7. O-O Nf6
8. Nb3 Nc6 9. Nbxd4 Nxd4 10. Nxd4 a6 11. Bb3 Be7 12. Be3 O-O 13. Qf3 Qe5
14. Rad1 Qe4 15. Qg3 Rd8 16. c3 Qg6 17. Qxg6 1/2-1/2

[Event "TOP 16 GpB"]
[Site "Mulhouse FRA"]
[Date "2010.05.01"]
[Round "6"]
[White "Kallai,G"]
[Black "Abergel,T"]
[Result "1-0"]
[WhiteElo "2444"]
[BlackElo "2547"]
[EventDate "2010.03.26"]

1. d4 Nf6 2. Nf3 e6 3. c4 c5 4. dxc5 Bxc5 5. e3 O-O 6. a3 b6 7. Be2 Bb7 8.
Nc3 Ne4 9. Nxe4 Bxe4 10. O-O Qf6 11. Nd2 d5 12. Nxe4 dxe4 13. Qc2 Qe5 14.
Bd2 Bd6 15. g3 Nc6 16. Bc3 Qf5 17. f3 Bc5 18. Qxe4 Qxe4 19. fxe4 Bxe3+ 20.
Kg2 Bd4 21. Rac1 Rfd8 22. Bxd4 Nxd4 23. Kf2 Nb3 24. Rc2 Nd2 25. Rd1 Nxe4+
26. Ke3 f5 27. b4 Kf7 28. Rxd8 Rxd8 29. Bf3 Nf6 30. c5 e5 31. Bb7 g5 32. a4
bxc5 33. bxc5 Ke6 34. Ke2 Ne8 35. h3 Rb8 36. c6 Nd6 37. a5 Nxb7 38. Rb2 a6
39. cxb7 Kd6 40. Rb6+ Kc7 41. Rf6 Rxb7 42. Rxf5 Kd6 43. Rf6+ Kd5 44. Rxa6
Rb2+ 45. Kf3 Rb3+ 46. Kg4 e4 47. Ra8 Kd4 48. a6 Ra3 49. a7 Ke3 50. Kxg5 Ke2
51. g4 e3 52. Kh6 Ra6+ 53. Kh5 h6 54. h4 Ra4 55. g5 hxg5 56. hxg5 Ra6 57.
g6 Ra5+ 58. Kh6 Ra6 59. Kh7 Ra1 60. g7 Rh1+ 61. Kg6 Rg1+ 62. Kf7 1-0

[Event "TOP 16 GpB"]
[Site "Mulhouse FRA"]
[Date "2010.05.01"]
[Round "6"]
[White "Vovk,Y"]
[Black "Varga,P1"]
[Result "1-0"]
[WhiteElo "2545"]
[BlackElo "2434"]
[EventDate "2010.03.26"]

1. e4 e5 2. Nf3 Nc6 3. Bb5 a6 4. Ba4 Nf6 5. O-O Be7 6. Re1 b5 7. Bb3 d6 8.
c3 O-O 9. h3 Na5 10. Bc2 c5 11. d4 Qc7 12. Nbd2 Be6 13. d5 Bd7 14. b3 c4
15. Ba3 Rfe8 16. Rc1 Bf8 17. Qe2 Rec8 18. Kh2 Qb6 19. Bb1 Ra7 20. Nh4 Rac7
21. Qf3 cxb3 22. axb3 Nb7 23. Bb2 Nc5 24. g4 Ne8 25. Qe3 Rb7 26. Rf1 Qd8
27. g5 Rcc7 28. f4 exf4 29. Qxf4 Bc8 30. Nf5 Bxf5 31. exf5 Re7 32. Rf2 Re5
33. f6 gxf6 34. gxf6 Qxf6 35. Rg1+ Bg7 36. Qxf6 Nxf6 37. c4 Rbe7 38. Bxe5
Rxe5 39. Nf3 Re3 40. Nd4 Ne8 41. Nf5 Rxb3 42. Nh6+ Kh8 43. Nxf7+ Kg8 44.
Nh6+ Kh8 45. Rf8+ Bxf8 46. Nf7+ 1-0

[Event "TOP 16 GpB"]
[Site "Mulhouse FRA"]
[Date "2010.05.01"]
[Round "6"]
[White "Roos,J"]
[Black "Bricard,E"]
[Result "1-0"]
[WhiteElo "2259"]
[BlackElo "2488"]
[EventDate "2010.03.26"]

1. e4 c5 2. Nf3 d6 3. d4 cxd4 4. Nxd4 Nf6 5. Nc3 a6 6. Be2 Nbd7 7. O-O g6
8. Nb3 b5 9. Be3 Bb7 10. a4 b4 11. Nd5 Nxd5 12. exd5 Bg7 13. Bd4 Nf6 14. a5
O-O 15. Bf3 Qd7 16. Re1 Rfe8 17. Bb6 Rac8 18. Qd2 h5 19. Rad1 Rc4 20. Nc1
Rec8 21. Ne2 Rxc2 22. Qxb4 R2c4 23. Qb3 Ng4 24. Nd4 Ne5 25. Be2 Bxd5 26.
Bxc4 Nxc4 27. Ne2 e6 28. Nf4 Bb7 29. Qg3 d5 30. Nd3 Qb5 31. Bc7 d4 32. b3
Nxa5 33. Bxa5 Qxa5 34. Rc1 Rxc1 35. Rxc1 Qd5 36. h4 e5 37. Rc5 Qd6 38. b4
Be4 39. Nxe5 d3 40. Rc8+ Kh7 41. Nxf7 Qxg3 42. fxg3 Bd4+ 43. Kf1 Bxg2+ 44.
Ke1 Kg7 45. Ng5 Be5 46. Ne6+ Kf7 47. Nf4 Bb7 48. Rc4 Kf6 49. Kd2 Kf5 50.
Kxd3 g5 51. Nxh5 Bf3 52. hxg5 Bxh5 53. Rc5 Be8 54. Ke3 Ke6 55. g6 Bg7 56.
Kf4 Kf6 57. Rd5 Ke6 58. Ra5 Bh6+ 59. Kg4 Bb5 60. Kh5 Bd2 61. Ra2 Bxb4 62.
Rf2 Bc3 63. Kh6 a5 64. g7 Bxg7+ 65. Kxg7 Kd5 66. g4 Kc4 67. g5 Be8 68. Rf8
Bh5 69. Kh6 Be2 70. g6 Kb3 71. Rf4 1-0

[Event "TOP 16 GpB"]
[Site "Mulhouse FRA"]
[Date "2010.05.01"]
[Round "6"]
[White "Wirig,A"]
[Black "Reinhart,E"]
[Result "1-0"]
[WhiteElo "2504"]
[BlackElo "2337"]
[EventDate "2010.03.26"]

1. d4 d5 2. Nf3 c6 3. c4 Nf6 4. Qc2 dxc4 5. e4 b5 6. b3 cxb3 7. axb3 e6 8.
Bd2 Bb7 9. Bd3 h6 10. O-O a6 11. Ba5 Qc8 12. b4 Nbd7 13. Nc3 Be7 14. Rfc1
e5 15. dxe5 Ng4 16. Nd4 Qb8 17. Be2 Ndxe5 18. h3 Nf6 19. Nf5 Bf8 20. f4
Ned7 21. e5 Nd5 22. Nxd5 cxd5 23. e6 Nf6 24. Qc7 Qxc7 25. Rxc7 fxe6 26.
Rxb7 exf5 27. Bh5+ Nxh5 28. Re1+ Be7 29. Rexe7+ Kf8 30. Rf7+ Kg8 31. g4
Nxf4 32. Rxg7+ Kf8 33. Rgf7+ Kg8 34. Rg7+ Kf8 35. Rgf7+ Kg8 36. Kh2 Rc8 37.
Rg7+ Kf8 38. Rgf7+ Kg8 39. Rxf5 Rf8 40. Bc7 Ne6 41. Be5 Rh7 42. Rb6 Rxf5
43. gxf5 Ng5 44. Rb8+ Kf7 45. Kg3 Ke7 46. h4 Nf7 47. Rb7+ Ke8 48. Kf4 h5
49. f6 Rh8 50. Kf5 Rg8 51. Rb8+ Nd8 52. Bc7 Kd7 53. Rxd8+ 1-0

[Event "TOP 16 GpB"]
[Site "Mulhouse FRA"]
[Date "2010.05.01"]
[Round "6"]
[White "Nicoara,M"]
[Black "Richard,E"]
[Result "0-1"]
[WhiteElo "2151"]
[BlackElo "2116"]
[EventDate "2010.03.26"]

1. d4 Nf6 2. c4 e6 3. Nc3 Bb4 4. Qc2 O-O 5. a3 Bxc3+ 6. Qxc3 d5 7. e3 b6 8.
Nf3 Ba6 9. b3 Nbd7 10. Bd3 c5 11. Bb2 Rc8 12. Rc1 cxd4 13. exd4 dxc4 14.
bxc4 Bxc4 15. Bxc4 b5 16. Nd2 bxc4 17. Nxc4 Nb6 18. Qb3 Nxc4 19. Rxc4 Qd5
20. Rc3 Qxg2 21. Rf1 Qe4+ 22. Kd2 Rb8 23. Qc2 Qxd4+ 0-1

[Event "TOP 16 GpB"]
[Site "Mulhouse FRA"]
[Date "2010.05.02"]
[Round "7"]
[White "Rozentalis,E"]
[Black "Postny,E"]
[Result "1/2-1/2"]
[WhiteElo "2628"]
[BlackElo "2641"]
[EventDate "2010.03.26"]

1. e4 c6 2. d4 d5 3. Nd2 dxe4 4. Nxe4 Bf5 5. Ng3 Bg6 6. Nh3 e6 7. Nf4 Qh4
8. Be3 Nf6 9. Qd2 Be7 10. Nxg6 hxg6 11. Bg5 1/2-1/2

[Event "TOP 16 GpB"]
[Site "Mulhouse FRA"]
[Date "2010.05.02"]
[Round "7"]
[White "Riazantsev,A"]
[Black "Kallai,G"]
[Result "1-0"]
[WhiteElo "2660"]
[BlackElo "2444"]
[EventDate "2010.03.26"]

1. d4 d5 2. c4 dxc4 3. e4 Nf6 4. e5 Nd5 5. Bxc4 Nb6 6. Bb3 Nc6 7. Ne2 Bf5
8. Nbc3 e6 9. a3 Qh4 10. Be3 O-O-O 11. Qc1 h6 12. O-O Nb8 13. Ba2 g5 14. b4
Bh7 15. b5 Be7 16. a4 N6d7 17. a5 f6 18. Nd5 exd5 19. b6 Nxb6 20. axb6 axb6
21. Bb1 Nd7 22. Ra3 Rdf8 23. Re1 1-0